Statistics for Margraves of Brandenburg (ca.1100-1918)

Click here to take the quiz!

General Stats

  • This quiz has been taken 21 times
  • The average score is 25 of 40

Answer Stats

ReignNameCognomen (german)Cognomen (english)% Correct
111640-1688Friedrich Wilhelmder Große Kurfürstthe Great Elector
90%
131713-1740Friedrich Wilhelm I.der Soldatenkönigthe Soldier King
90%
151786-1797Friedrich Wilhelm II.
90%
161797-1840Friedrich Wilhelm III.
90%
171840-1861Friedrich Wilhelm IV.
90%
11415-1440Friedrich I.
86%
21440-1471Friedrich II.der Eiserne (Eisenzahn)the Ironlike/ Irontooth
86%
141740-1786Friedrich II.der Große / der alte Fritzthe Great/ the old Fred
86%
191888Friedrich III.
86%
121688-1713Friedrich III.der Erstethe First / I.
86%
101619-1640Georg Wilhelm
86%
81598-1608Joachim Friedrich
86%
181861-1888Wilhelm I.
86%
201888-1918Wilhelm II.
86%
71571-1598Johann Georg
71%
91608-1619Johann Sigismund
71%
31471-1486AlbrechtAchillesAchilles
67%
11150-1170Albrecht I.der Bärthe Bear
67%
41205-1220Albrecht II.
67%
41486-1499JohannCiceroCicero
67%
51220-1266Johann I.
67%
91319-1320Heinrich II.das Kindthe Child
62%
21127-1150Pribislaw / Heinrich
62%
11323-1351Ludwig I.der Älterethe Older
57%
21351-1364Ludwig II.der Römerthe Roman
57%
21170-1184Otto I.
48%
31184-1205Otto II.
48%
61220-1267Otto III.der Frommethe Faithful
48%
71267-1308Otto IV.mit dem Pfeilwith the arrow
48%
31365-1373Otto V.der Faulethe Lazy
48%
51499-1535Joachim I.NestorNestor
43%
61535-1571Joachim II.HectorHector
43%
21378-1415Sigismund
43%
31150-1168Jaczavon Köpenickfrom/of Köpenick
38%
11320-1323Rudolf
33%
31388-1411Jobst
29%
X1348-1350Waldemarder Falschethe False/ the Wrong
24%
81308-1319Waldemarder Großethe Great
24%
1?-1127Meinfried
19%
11373-1378Wenzelder Faulethe Lazy
19%

Score Distribution

Percentile by Number Answered

Percent of People with Each Score

Your Score History

You have not taken this quiz